000 00303nam a2200133 i 4500
001 bg
245 0 _aSelsko chozjajstvennaja enciklopedija.
_nT.4.
250 _aWyd.3 przerob.
260 _aMoskva,
_c1955.
040 _cBPK
041 _apol
942 _cKS
008 s pl f |000 0 pol
999 _c7916
_d7916
856 _uhttp://koha.tu.koszalin.pl/cgi-bin/koha/opac-detail.pl?biblionumber=7916
_yKatalog online BPK